000 00748nam a2200277Ia 4500
008 170711s9999 xx 000 0 und d
020 _a9780071324090
050 _a649.1
050 _bG647 2011
100 _aGoode, Caron B.
245 _aRaising intuitive children :
245 _bguide your children to know and trust their gifts /
245 _cby Caron B. Goode and Tara Paterson.
260 _aFranklin Lakes, NJ :
260 _bNew Page Books,
260 _c2011
300 _a238 pages :
300 _billustrations ;
300 _c22cm.
500 _aIncludes appendix and index.
650 _aChild development.
650 _aIntuition.
650 _aParenting.
700 _aPaterson, Tara.
700 _aTitle.
999 _c340004
_d340004